000 00494nam a2200145Ia 4500
008 231129s1996||||xx |||||||||||||| ||spa||
020 _a958-20-0022-0
040 _bspa
082 _a371.207 P981p
100 _aPulido Marí­a Cristina
245 0 _aEl proyecto educativo: elementos para la construcción colectiva de una institución de calidad
260 _c1996
264 _aBogotá Colombia : Cooperativa Editorial Magisterio
942 _2ddc
_cBKS
999 _c12228
_d12228